The Centre: (Record no. 191149)

MARC details
000 -LEADER
fixed length control field 00413nam a22001577a 4500
005 - DATE AND TIME OF LATEST TRANSACTION
control field 20220822112502.0
010 ## - LCCN (DPL NO)
LC control number ENG-134520
020 ## - INTERNATIONAL STANDARD BOOK NUMBER
International Standard Book Number 9781470971458
Terms of availability 800.00
035 ## - SYSTEM CONTROL NUMBER
System control number EN-118052
037 ## - SOURCE OF ACQUISITION
Source of stock number/acquisition DBAD/PUB
082 ## - DEWEY DECIMAL CLASSIFICATION NUMBER
Classification number 294.3
100 ## - MAIN ENTRY--PERSONAL NAME
Personal name Taylor, Brian
245 ## - TITLE STATEMENT
Title The Centre:
Remainder of title The Truth About Everthing/
Statement of responsibility, etc Brain Taylor
300 ## - PHYSICAL DESCRIPTION
Extent 146p.
Dimensions 24cm(hb)
942 ## - ADDED ENTRY ELEMENTS (KOHA)
Source of classification or shelving scheme Dewey Decimal Classification
Item type English Books
Classification part 294.3
Call number suffix TAY
Holdings
Withdrawn status Lost status Not for loan Collection code Home library Current library Date acquired Source of acquisition Cost, normal purchase price Full call number Barcode Copy number Cost, replacement price Koha item type
      Non-fiction Ashok Vihar Ashok Vihar 22/08/2022 DBAD/PUB 800.00 294.3 TAY EN-118052 1 800.00 English Books

© Delhi Public Library
Hit Counter
free hit counter